Derecho de energía: identidad y transformaciones

I tiakina i:
Ngā taipitopito rārangi puna kōrero
Kaituhi matua: Vergara Blanco, Alejandro (Author)
Hōputu: Pukapuka
Reo:Pāniora
I whakaputaina: Santiago Ediciones UC 2018
Putanga:1a. ed
Ngā marau:
Ngā Tūtohu: Tāpirihia he Tūtohu
Kāore He Tūtohu, Me noho koe te mea tuatahi ki te tūtohu i tēnei pūkete!

MARC

LEADER 00000cam a2200000 a 4500
001 UCC2820
003 CL-VaPUC
008 180323e20180000cl |||||||||||||||||spa|d
020 |a 9789561422087 
082 0 4 |a 343.092  |b VER  |2 21 
100 0 |a Vergara Blanco, Alejandro  |e author  |9 596836 
245 1 0 |a Derecho de energía: identidad y transformaciones 
250 |a 1a. ed 
300 |a 264 p 
942 |c BK 
945 |d 20180323 15:33:00  |a dcastane 
260 |a Santiago  |b Ediciones UC  |c 2018 
650 0 |a Industria eléctrica  |9 353482 
650 7 |a CONCESIONES  |2 CL-VaPUC  |9 259108 
650 0 |a Energía eléctrica  |9 256678 
650 7 |a SUMINISTRO DE ENERGIA ELECTRICA  |2 CL-VaPUC  |9 557478 
583 |a last modification  |c 20180323 15:33:00  |k Rodrigo Vera 
999 |c 370761  |d 370759 
952 |0 0  |1 0  |3 erb  |4 0  |6 343_092000000000000_VER_2018  |7 0  |8 A  |9 487400  |a BIBDER  |b BIBDER  |i 5459907  |l 2  |o 343.092 VER 2018  |p 5459907  |r 2023-04-20  |s 2023-04-13  |w 2019-11-24  |y BK  |z Catalogado en:20180323  |k DER